000 00602nam a2200181 4500
001 143312
003 ES-MaACL
005 20230906200758.0
007 t|
008 070214s1923 sp r ||||1| cat d
100 1 _aSerra i Vilaró, J.
_9105638
245 1 3 _aEl Vas campaniforme a Catalunya i les coves sepulcrals eneolítiques /
_cper J. Serra i Vilaró.
260 _aSolsona :
_b[s. n.],
_c1923 (
_eManresa :
_fTorra)
300 _a112 p. :
_bil.
500 _aPrecede al tít.: Musaeum Archaelogicum Dioecesanum.
710 2 _aMuseo Diocesano de Solsona.
_95873
852 _aES-MaACL
_j1664-F-4
999 _c143312
_d143312